00477cam a2200169 a 450000100100000000500170001000800410002702000150006804000180008308200180010110000370011924500490015626000310020530000210023665000240025765000260028100000494320200929151536.0020725s2002 ck 001 p spa  a9583332739 aDO-SdBNPcDLC aC861.6bA472s1 aAlvarado Tenorio, Harold,d1945-10aSumma del cuerpo /cHarold Alvarado Tenorio. a[Bogota] :bDeriva,c2002. a163 p. ;c21 cm. 4aPoesía colombiana 4aLiteratura colombiana